000306796 001__ 306796
000306796 005__ 20240928181404.0
000306796 0247_ $$aG:(GEPRIS)5446848$$d5446848
000306796 035__ $$aG:(GEPRIS)5446848
000306796 040__ $$aGEPRIS$$chttp://gepris.its.kfa-juelich.de
000306796 150__ $$aKoordinationsantrag$$y2005 - 2015
000306796 371__ $$aProfessor Dr. Joachim Reitner
000306796 450__ $$aDFG project G:(GEPRIS)5446848$$wd$$y2005 - 2015
000306796 5101_ $$0I:(DE-588b)2007744-0$$aDeutsche Forschungsgemeinschaft$$bDFG
000306796 550__ $$0G:(GEPRIS)5471545$$aFOR 571: Geobiologie von Organo- und Biofilmen: Koppelung der Geosphäre und Biosphäre über mikrobielle Prozesse$$wt
000306796 680__ $$a
000306796 909CO $$ooai:juser.fz-juelich.de:973671$$pauthority$$pauthority:GRANT
000306796 909CO $$ooai:juser.fz-juelich.de:973671
000306796 980__ $$aG
000306796 980__ $$aAUTHORITY